000 00542nam a2200229Ia 4500
003 OSt
005 20221005113857.0
006 a|||||r|||| 00| 0
007 ta
008 221004b |||||||| |||| 00| 0 guj d
024 _a40803
037 _cTextual
040 _aCRL
_cCRL
_bguj
041 _2guj
_aguj
082 _aV2,1wJ42, 156F7
100 _aVashnava
_9625090
245 0 _aAkbar
260 _c1927
650 _aHISTORY
942 _hV2,1wJ42, 156F7
_cTEXL
_2cc
999 _c1029614
_d1029614